[Event "Stockholm Hotel N IM 3rd"]
[Site "Upplands Vasby"]
[Date "2025.06.12"]
[Round "7"]
[White "Storme, Isak"]
[Black "Cernov, Henrik"]
[Result "1-0"]
[WhiteElo "2466"]
[BlackElo "2325"]
[PlyCount "61"]
[EventDate "2025.06.09"]
[EventType "tourn"]
[EventRounds "9"]
[EventCountry "SWE"]
[EventCategory "1"]
[SourceTitle "CB26_2025"]
[SourceDate "2025.06.25"]
[SourceVersion "1"]
[SourceVersionDate "2025.06.25"]
[SourceQuality "1"]

1. d4 Nf6 2. c4 e6 3. Nc3 d5 4. cxd5 exd5 5. Bg5 c6 6. e3 Be6 7. Bd3 Nbd7 8. f4 g6 9. Nf3 Bg7 10. 0-0 Qa5 11. Qc2 h6 12. Bh4 Ne4 13. Nxe4 dxe4 14. Bxe4 f5 15. Bd3 0-0 16. b4 Qc7 17. Rac1 Qd6 18. Ne5 Nxe5 19. dxe5 Qc7 20. Bc4 Rfe8 21. Rfd1 Bf8 22. e4 Qf7 23. exf5 gxf5 24. Qb3 Bxc4 25. Rxc4 Be7 26. Bxe7 Rxe7 27. Rd6 Kh7 28. Qh3 Re6 29. Rxe6 Qxe6 30. Rd4 Qf7 31. Rd6 1-0

[Event "Stockholm Hotel N IM 3rd"]
[Site "Upplands Vasby"]
[Date "2025.06.09"]
[Round "2"]
[White "Chernov, Vadim A"]
[Black "Storme, Isak"]
[Result "0-1"]
[WhiteElo "2296"]
[BlackElo "2466"]
[PlyCount "98"]
[EventDate "2025.06.09"]
[EventType "tourn"]
[EventRounds "9"]
[EventCountry "SWE"]
[EventCategory "1"]
[SourceTitle "CB26_2025"]
[SourceDate "2025.06.25"]
[SourceVersion "1"]
[SourceVersionDate "2025.06.25"]
[SourceQuality "1"]

1. e4 c5 2. g3 Nc6 3. Bg2 g6 4. d3 Bg7 5. f4 e6 6. Nf3 d5 7. 0-0 Nge7 8. c3 b6 9. e5 a5 10. a4 h5 11. Be3 Nf5 12. Bf2 Ba6 13. Na3 Qd7 14. Re1 Rd8 15. Qd2 d4 16. c4 Bb7 17. Ng5 Bf8 18. Ne4 Be7 19. Nc2 Qc7 20. Qe2 Kd7 21. Na3 Kc8 22. Nb5 Qd7 23. Rad1 Kb8 24. h4 Nb4 25. Bf3 Bc6 26. Rc1 Qb7 27. Kh2 Rd7 28. Kh3 Rhd8 29. Bh1 Qa8 30. Rcd1 Nh6 31. Ned6 Bxh1 32. Rxh1 Bxd6 33. Nxd6 Ng4 34. Rhf1 Qc6 35. b3 f6 36. Nb5 fxe5 37. fxe5 Rf7 38. Nd6 Rf3 39. Ne4 Rdf8 40. Bg1 Nxe5 41. Rxf3 Rxf3 42. Ng5 Rf5 43. Bh2 Ng4 44. Ne4 Ka7 45. Bg1 Ka6 46. Rf1 Ne5 47. Rxf5 gxf5 48. Nf2 Nf3 49. Bh2 e5 0-1

[Event "NOR-chT Elite 2425"]
[Site "Norway"]
[Date "2025.02.08"]
[Round "5.42"]
[White "Storme, Isak"]
[Black "Lund, Gunnar"]
[Result "1-0"]
[WhiteElo "2455"]
[BlackElo "2335"]
[PlyCount "123"]
[EventDate "2024.10.25"]
[EventType "team-tourn"]
[EventRounds "9"]
[EventCountry "NOR"]
[SourceTitle "CB16_2025"]
[SourceDate "2025.04.16"]
[SourceVersion "1"]
[SourceVersionDate "2025.04.16"]
[SourceQuality "1"]
[WhiteTeam "Oslo SK 1911"]
[BlackTeam "Alta"]
[WhiteTeamCountry "NOR"]
[BlackTeamCountry "NOR"]

1. d4 d5 2. c4 e6 3. Nc3 Nf6 4. cxd5 exd5 5. Bg5 Be7 6. e3 c6 7. Bd3 Nbd7 8. Bf4 Nf8 9. h3 Ng6 10. Bh2 Bd6 11. Bxd6 Qxd6 12. Nf3 0-0 13. 0-0 Bd7 14. Qc2 Rfe8 15. Rfc1 Qe7 16. Nd2 Nh5 17. Be2 Nf6 18. b4 Rac8 19. a4 Nh4 20. b5 Bf5 21. Qd1 Ne4 22. Ncxe4 dxe4 23. Nf1 c5 24. Rxc5 Rxc5 25. dxc5 Qxc5 26. Rc1 Qe5 27. Ng3 Be6 28. Qc2 Kf8 29. Qxe4 Qxe4 30. Nxe4 Bd5 31. Nd6 Rd8 32. e4 Rxd6 33. exd5 Rxd5 34. Rc7 Re5 35. Bg4 Re7 36. Bd7 Re4 37. Rc8+ Ke7 38. Re8+ Kxd7 39. Rxe4 Nf5 40. f4 h5 41. Kf2 g6 42. g4 hxg4 43. hxg4 Ng7 44. Ke3 Ne8 45. Rd4+ Ke7 46. Rd1 Nf6 47. g5 Nd7 48. Kd4 Nf8 49. Kd5 Kd7 50. Re1 Nh7 51. Ke5 Ke7 52. Rc1 Kd7 53. Rh1 Nf8 54. Kf6 Ne6 55. f5 gxf5 56. g6 fxg6 57. Rd1+ Kc7 58. Kxe6 Kb6 59. Kd5 Ka5 60. Kc4 f4 61. Rf1 Kxa4 62. Ra1# 1-0

[Event "Malmo op"]
[Site "Malmo"]
[Date "2024.12.15"]
[Round "8"]
[White "Pedersen, Daniel Vesterbaek"]
[Black "Storme, Isak"]
[Result "0-1"]
[WhiteElo "2203"]
[BlackElo "2455"]
[PlyCount "90"]
[EventDate "2024.12.13"]
[EventType "swiss"]
[EventRounds "8"]
[EventCountry "SWE"]
[SourceTitle "CB51_2024"]
[SourceDate "2024.12.18"]
[SourceVersion "1"]
[SourceVersionDate "2024.12.18"]
[SourceQuality "1"]

1. e4 c5 2. Nf3 e6 3. d4 cxd4 4. Nxd4 Nc6 5. Nc3 Qc7 6. Be3 a6 7. Qf3 d6 8. Nxc6 bxc6 9. 0-0-0 Nf6 10. Be2 Rb8 11. g4 Qa5 12. g5 Nd7 13. Bf4 Qb4 14. b3 g6 15. Nb1 Nc5 16. Bc4 d5 17. exd5 cxd5 18. Be5 Rg8 19. Bxb8 Qxb8 20. Bd3 Bg7 21. h4 Qe5 22. c3 Bb7 23. Rhe1 Qc7 24. Qg3 Qxg3 25. fxg3 Ke7 26. c4 Rc8 27. Kc2 a5 28. Nc3 Kf8 29. Nb5 a4 30. Nd6 axb3+ 31. axb3 Ra8 32. Rd2 dxc4 33. bxc4 Ra2+ 34. Kd1 Bf3+ 35. Be2 Ra1+ 36. Kc2 Rxe1 37. Bxf3 Re3 38. Be2 Bc3 39. Rd1 Be5 40. Bf1 Rc3+ 41. Kb1 Ra3 42. Nb5 Ra1+ 43. Kc2 Ra2+ 44. Kb1 Rb2+ 45. Ka1 Nb3# 0-1

[Event "Malmo op"]
[Site "Malmo"]
[Date "2024.12.14"]
[Round "6"]
[White "Engstrom, Kaj"]
[Black "Storme, Isak"]
[Result "0-1"]
[WhiteElo "2193"]
[BlackElo "2455"]
[PlyCount "74"]
[EventDate "2024.12.13"]
[EventType "swiss"]
[EventRounds "8"]
[EventCountry "SWE"]
[SourceTitle "CB51_2024"]
[SourceDate "2024.12.18"]
[SourceVersion "1"]
[SourceVersionDate "2024.12.18"]
[SourceQuality "1"]

1. e4 e5 2. d4 exd4 3. Bc4 Nc6 4. Nf3 Nf6 5. 0-0 Nxe4 6. Re1 d5 7. Bxd5 Qxd5 8. Nc3 Qh5 9. Nxe4 Be6 10. Bg5 Bd6 11. Nxd6+ cxd6 12. Bf4 Qc5 13. Ng5 Qd5 14. c4 Qxc4 15. Bxd6 0-0-0 16. Bg3 d3 17. Re4 Rd4 18. Rc1 Rxe4 19. Rxc4 Rxc4 20. b3 Rd4 21. Qd2 Rhd8 22. f3 h6 23. Ne4 f5 24. Nc3 b6 25. Bf2 R4d7 26. Nb1 Kb7 27. h3 g5 28. Nc3 f4 29. Nd1 Bf5 30. b4 Nd4 31. Kh2 Rc7 32. Nc3 Ne2 33. Nd1 Rc2 34. Qe1 Re8 35. a4 d2 36. Qf1 Rc1 37. Be3 Rxe3 0-1

[Event "SWE-chT 2324 Elite"]
[Site "Sweden"]
[Date "2024.03.09"]
[Round "8.4"]
[White "Blomqvist, Erik"]
[Black "Storme, Isak"]
[Result "1-0"]
[WhiteElo "2511"]
[BlackElo "2443"]
[PlyCount "69"]
[EventDate "2023.10.13"]
[EventType "team-tourn"]
[EventRounds "9"]
[EventCountry "SWE"]
[SourceTitle "EXT 2025"]
[Source "ChessBase"]
[SourceDate "2024.10.14"]
[SourceVersion "1"]
[SourceVersionDate "2024.10.14"]
[SourceQuality "1"]
[WhiteTeam "Stockholm Rockaden"]
[BlackTeam "Lunds"]
[WhiteTeamCountry "SWE"]
[BlackTeamCountry "SWE"]

1. e4 e5 2. Nf3 Nc6 3. Bb5 a6 4. Ba4 Nf6 5. 0-0 Be7 6. d3 b5 7. Bb3 d6 8. a4 Bd7 9. Be3 0-0 10. axb5 axb5 11. Nc3 Na5 12. Nd5 Nxd5 13. Bxd5 c6 14. Ba2 c5 15. Bd5 Nc6 16. Qd2 Rxa1 17. Rxa1 Nb4 18. Bb3 Qc7 19. h4 Bg4 20. Nh2 Bc8 21. h5 Kh8 22. h6 g6 23. f4 f5 24. Nf3 fxe4 25. dxe4 Bg4 26. fxe5 dxe5 27. Ng5 Bxg5 28. Bxg5 Nc6 29. Ra8 Nb8 30. Qa5 Qd6 31. Bd5 Be6 32. Qa7 Bd7 33. Rxb8 Rxb8 34. Qxb8+ Qxb8 35. Bf6# 1-0

[Event "Malmo op"]
[Site "Malmo"]
[Date "2023.12.15"]
[Round "2"]
[White "Grau, Peter"]
[Black "Storme, Isak"]
[Result "0-1"]
[WhiteElo "2050"]
[BlackElo "2439"]
[PlyCount "48"]
[EventDate "2023.12.15"]
[EventType "swiss"]
[EventRounds "8"]
[EventCountry "SWE"]
[SourceTitle "CBM 217 Extra"]
[Source "ChessBase"]
[SourceDate "2024.01.31"]
[SourceVersion "1"]
[SourceVersionDate "2024.01.31"]
[SourceQuality "1"]

1. e4 c5 2. Nf3 Nc6 3. Nc3 e5 4. g3 g6 5. Bg2 Bg7 6. 0-0 Nge7 7. Ne1 h5 8. h3 d6 9. d3 h4 10. g4 f5 11. exf5 gxf5 12. gxf5 Bxf5 13. Ne4 Qd7 14. Ng5 Ng6 15. f4 exf4 16. Qe2+ Be5 17. c3 0-0-0 18. Bxc6 Qxc6 19. Nef3 Rhg8 20. d4 Bf6 21. Rd1 Bxg5 22. d5 Qe8 23. Qxe8 Rdxe8 24. Nxg5 Ne5 0-1

[Event "EU-Cup 38th"]
[Site "Durres"]
[Date "2023.10.04"]
[Round "4.3"]
[White "Carnicelli, Valerio"]
[Black "Storme, Isak"]
[Result "1-0"]
[WhiteElo "2403"]
[BlackElo "2443"]
[PlyCount "51"]
[EventDate "2023.10.01"]
[EventType "team-swiss"]
[EventRounds "7"]
[EventCountry "ALB"]
[SourceTitle "CBM 216 Extra"]
[Source "ChessBase"]
[SourceDate "2023.11.30"]
[SourceVersion "1"]
[SourceVersionDate "2023.11.30"]
[SourceQuality "1"]
[WhiteTeam "Padova Obiettivo"]
[BlackTeam "Lunds"]
[WhiteTeamCountry "ITA"]
[BlackTeamCountry "SWE"]

1. e4 e5 2. Nf3 Nc6 3. Bc4 Nf6 4. d3 Bc5 5. c3 d6 6. 0-0 0-0 7. h3 h6 8. Re1 a5 9. Bb5 Ba7 10. Nbd2 Ne7 11. d4 c6 12. Bd3 Ng6 13. Nf1 Nh5 14. Be3 Nhf4 15. Bc2 Qf6 16. Ng3 Rd8 17. Nf5 Bxf5 18. exf5 Ne7 19. Bxf4 exf4 20. Qd2 g5 21. fxg6 Nxg6 22. Bxg6 fxg6 23. Re4 g5 24. Rae1 Kf7 25. Qe2 Qf5 26. Nh2 1-0

[Event "Gothenburg Manhem"]
[Site "Gothenburg"]
[Date "2023.08.11"]
[Round "9"]
[White "Olsson, William"]
[Black "Storme, Isak"]
[Result "0-1"]
[WhiteElo "2400"]
[BlackElo "2448"]
[PlyCount "110"]
[EventDate "2023.08.05"]
[EventType "tourn"]
[EventRounds "9"]
[EventCountry "SWE"]
[EventCategory "2"]
[SourceTitle "CBM 215 Extra"]
[Source "ChessBase"]
[SourceDate "2023.09.30"]
[SourceVersion "1"]
[SourceVersionDate "2023.09.30"]
[SourceQuality "1"]

1. Nf3 d5 2. c4 e6 3. g3 Nf6 4. Bg2 d4 5. 0-0 Nc6 6. e3 Bc5 7. b4 Bxb4 8. exd4 0-0 9. Bb2 Be7 10. d3 Ne8 11. Nbd2 Bf6 12. Nb3 Rb8 13. Ne5 Ne7 14. Ba3 Nd6 15. Ng4 Nef5 16. Nxf6+ Qxf6 17. Bb2 b6 18. Qe2 Bb7 19. Bxb7 Nxb7 20. d5 Qg6 21. dxe6 Qxe6 22. Qf3 Rfe8 23. g4 Qe2 24. Qxe2 Rxe2 25. Bc3 Nh4 26. Nd4 Ree8 27. Nc6 Ra8 28. Nb4 Rad8 29. Rfd1 Nc5 30. Kf1 Re6 31. h3 h5 32. Nd5 hxg4 33. hxg4 c6 34. Nf4 Red6 35. Be5 R6d7 36. Nh5 Ne6 37. d4 Nf3 38. Bxg7 Nxg7 39. Nf6+ Kf8 40. Nxd7+ Rxd7 41. d5 c5 42. Ke2 Ne5 43. Rdc1 Ne8 44. f4 Nxg4 45. Kf3 f5 46. a4 Nd6 47. a5 Re7 48. axb6 Re3+ 49. Kg2 axb6 50. Rab1 Re2+ 51. Kf1 Ra2 52. Rxb6 Nh2+ 53. Kg1 Nf3+ 54. Kf1 Ne4 55. Rg6 Rf2# 0-1

[Event "Gothenburg Manhem"]
[Site "Gothenburg"]
[Date "2023.08.10"]
[Round "8"]
[White "Storme, Isak"]
[Black "Ustianovich, Nazar"]
[Result "1-0"]
[WhiteElo "2448"]
[BlackElo "2314"]
[PlyCount "43"]
[EventDate "2023.08.05"]
[EventType "tourn"]
[EventRounds "9"]
[EventCountry "SWE"]
[EventCategory "2"]
[SourceTitle "CBM 215 Extra"]
[Source "ChessBase"]
[SourceDate "2023.09.30"]
[SourceVersion "1"]
[SourceVersionDate "2023.09.30"]
[SourceQuality "1"]

1. d4 d5 2. c4 dxc4 3. Nf3 Nf6 4. e3 e6 5. Bxc4 c5 6. 0-0 Nc6 7. Qe2 cxd4 8. Rd1 Be7 9. exd4 0-0 10. Nc3 Na5 11. Bd3 b6 12. Bg5 Bb7 13. Rac1 Rc8 14. Bb1 Nc4 15. Ne5 Nd6 16. Qe3 Nd5 17. Qh3 f5 18. Bxe7 Qxe7 19. Qg3 Rc7 20. Nxd5 Bxd5 21. Rxc7 Qxc7 22. Nd3 1-0

[Event "Gothenburg Manhem"]
[Site "Gothenburg"]
[Date "2023.08.08"]
[Round "6"]
[White "Storme, Isak"]
[Black "Tryggestad, Andreas Garberg"]
[Result "1-0"]
[WhiteElo "2448"]
[BlackElo "2233"]
[PlyCount "49"]
[EventDate "2023.08.05"]
[EventType "tourn"]
[EventRounds "9"]
[EventCountry "SWE"]
[EventCategory "2"]
[SourceTitle "CBM 215 Extra"]
[Source "ChessBase"]
[SourceDate "2023.09.30"]
[SourceVersion "1"]
[SourceVersionDate "2023.09.30"]
[SourceQuality "1"]

1. e4 e5 2. Nf3 Nc6 3. Bb5 a6 4. Ba4 Nf6 5. 0-0 Be7 6. d3 b5 7. Bb3 d6 8. a3 Na5 9. Ba2 c5 10. Bg5 0-0 11. Nc3 Be6 12. h3 Nc6 13. a4 b4 14. Bxf6 Bxf6 15. Nd5 g6 16. c3 Rb8 17. Nd2 Bg7 18. Bc4 Qc8 19. a5 Re8 20. Nb6 Qb7 21. Bd5 Qc7 22. Qa4 Bxd5 23. Nxd5 Qb7 24. Nc4 Red8 25. Qxc6 1-0

[Event "Gothenburg Manhem"]
[Site "Gothenburg"]
[Date "2023.08.06"]
[Round "2"]
[White "Kistrup, Nicolai"]
[Black "Storme, Isak"]
[Result "1-0"]
[WhiteElo "2339"]
[BlackElo "2448"]
[PlyCount "167"]
[EventDate "2023.08.05"]
[EventType "tourn"]
[EventRounds "9"]
[EventCountry "SWE"]
[EventCategory "2"]
[SourceTitle "CBM 215 Extra"]
[Source "ChessBase"]
[SourceDate "2023.09.30"]
[SourceVersion "1"]
[SourceVersionDate "2023.09.30"]
[SourceQuality "1"]

1. d4 Nf6 2. c4 e6 3. g3 d5 4. Bg2 Be7 5. Nf3 0-0 6. Nc3 dxc4 7. Ne5 c5 8. dxc5 Qxd1+ 9. Nxd1 Bxc5 10. 0-0 Nc6 11. Nxc4 Nd5 12. Bd2 Rd8 13. Rc1 b6 14. Nde3 Ba6 15. Rfe1 Rac8 16. Nxd5 exd5 17. Ne3 Nd4 18. Kf1 Bb7 19. b4 Bf8 20. Rxc8 Rxc8 21. Bxd5 Bxd5 22. Nxd5 Rc2 23. Be3 Nf5 24. Ra1 Nxe3+ 25. Nxe3 Rb2 26. a3 Rb3 27. Nf5 g6 28. Nd4 Rb2 29. Nc6 a6 30. Nb8 a5 31. Nd7 axb4 32. axb4 Kg7 33. Nxb6 Rxb4 34. Nd5 Rd4 35. Nf4 Bd6 36. Nd3 h5 37. h3 Kf6 38. Kg2 Rc4 39. Ra6 Ke7 40. Kf3 Rd4 41. Rb6 Kd7 42. Rb3 Ra4 43. Nb2 Rb4 44. Rxb4 Bxb4 45. Ke4 Ke6 46. Nd3 Ba5 47. Nc5+ Kf6 48. Kd5 Ke7 49. e4 Be1 50. Nd3 Bd2 51. e5 Ba5 52. f4 Bd2 53. Ke4 Ke6 54. Nc5+ Ke7 55. f5 gxf5+ 56. Kxf5 Kf8 57. Nd7+ Kg7 58. Nf6 h4 59. g4 Ba5 60. Ne4 Bd8 61. g5 Be7 62. Nd2 Bc5 63. Nf3 Bf2 64. Nd2 Bc5 65. Nc4 Be7 66. Nb2 Bd8 67. Nd3 Bc7 68. Nf4 Bb6 69. e6 fxe6+ 70. Nxe6+ Kf7 71. Nf4 Bf2 72. Ng2 Kg7 73. Kg4 Bb6 74. Nxh4 Ba5 75. Kf5 Bc3 76. Nf3 Bb2 77. Nh4 Bc3 78. Ng2 Bb2 79. Nf4 Bc3 80. Ne6+ Kf7 81. h4 Bb2 82. h5 Bc1 83. h6 Kg8 84. Kg6 1-0

[Event "Copenhagen Obro CXU op"]
[Site "Copenhagen"]
[Date "2023.07.27"]
[Round "6"]
[White "Storme, Isak"]
[Black "Brynell, Stellan"]
[Result "0-1"]
[WhiteElo "2448"]
[BlackElo "2397"]
[PlyCount "68"]
[EventDate "2023.07.24"]
[EventType "swiss"]
[EventRounds "9"]
[EventCountry "DEN"]
[SourceTitle "CBM 215 Extra"]
[Source "ChessBase"]
[SourceDate "2023.09.30"]
[SourceVersion "1"]
[SourceVersionDate "2023.09.30"]
[SourceQuality "1"]

1. d4 Nf6 2. c4 e6 3. Nf3 c5 4. d5 d6 5. Nc3 exd5 6. cxd5 g6 7. Nd2 Bg7 8. e4 0-0 9. Be2 Na6 10. 0-0 Nc7 11. a4 Re8 12. Qc2 b6 13. Nc4 Ba6 14. Bf4 Bxc4 15. Bxc4 a6 16. Rab1 b5 17. axb5 axb5 18. Bxb5 Nxb5 19. Nxb5 Rxe4 20. Bg3 Bf8 21. Rfd1 Qd7 22. Na3 Rae8 23. h3 Nh5 24. Bh2 f5 25. Nc4 f4 26. Nd2 Re2 27. Qc4 Qf5 28. Nf3 Rc2 29. Qa4 Ree2 30. Ne1 Rxb2 31. Rxb2 Rxb2 32. Nd3 Re2 33. Qc4 Re4 34. Qa2 Rd4 0-1

[Event "Titled Tuesday intern op 04th Jul Late"]
[Site "Chess.com INT"]
[Date "2023.07.04"]
[Round "1"]
[White "Pironti, Francisco Ferrari"]
[Black "Storme, Isak"]
[Result "0-1"]
[WhiteElo "1959"]
[BlackElo "2448"]
[PlyCount "78"]
[EventDate "2023.07.04"]
[EventType "swiss (blitz)"]
[EventRounds "11"]
[EventCountry "USA"]
[SourceTitle "EXT 2024"]
[Source "ChessBase"]
[SourceDate "2023.10.10"]
[SourceVersion "1"]
[SourceVersionDate "2023.10.10"]
[SourceQuality "1"]

1. c4 c6 2. Nf3 d5 3. e3 Nf6 4. d4 e6 5. Nc3 Nbd7 6. Be2 Bd6 7. 0-0 0-0 8. b3 b6 9. Bb2 Bb7 10. Rc1 Qe7 11. Qc2 Rac8 12. Rfd1 Rc7 13. e4 dxe4 14. Nxe4 Nxe4 15. Qxe4 c5 16. d5 Nf6 17. Qh4 exd5 18. Bxf6 Qxf6 19. Qxf6 gxf6 20. cxd5 Re7 21. Bd3 Rfe8 22. g3 Kh8 23. Nh4 Re5 24. Bc4 a6 25. f4 Rh5 26. Re1 Rxe1+ 27. Rxe1 Bxd5 28. Re8+ Kg7 29. Be2 Rxh4 30. gxh4 Bxf4 31. Rd8 Bb7 32. Rd7 Bc8 33. Ra7 a5 34. Bc4 Kg6 35. Rxf7 b5 36. Rf8 bxc4 37. Rxc8 c3 38. Rxc5 Be3+ 39. Kf1 Bxc5 0-1

[Event "Titled Tuesday intern op 20th Jun Late"]
[Site "Chess.com INT"]
[Date "2023.06.20"]
[Round "3"]
[White "Grigoriants, Sergey"]
[Black "Storme, Isak"]
[Result "1-0"]
[WhiteElo "2562"]
[BlackElo "2448"]
[PlyCount "55"]
[EventDate "2023.06.20"]
[EventType "swiss (blitz)"]
[EventRounds "11"]
[EventCountry "USA"]
[SourceTitle "EXT 2024"]
[Source "ChessBase"]
[SourceDate "2023.10.10"]
[SourceVersion "1"]
[SourceVersionDate "2023.10.10"]
[SourceQuality "1"]

1. d4 d5 2. c4 e6 3. Nf3 a6 4. c5 b6 5. cxb6 cxb6 6. Bf4 Nc6 7. Nc3 Bd6 8. e3 Bxf4 9. exf4 Qd6 10. Qd2 Nf6 11. Bd3 Bb7 12. 0-0 Nb4 13. Ne5 Nxd3 14. Qxd3 0-0 15. f3 Rfc8 16. Rae1 Qb4 17. Rf2 a5 18. g4 Ba6 19. Qe3 Ne8 20. f5 exf5 21. Nxd5 Qd6 22. Nc6 Kh8 23. Nxb6 Qxc6 24. d5 Qb7 25. Nxc8 Qxc8 26. Rc2 Qd8 27. Qe7 fxg4 28. Qf8# 1-0

[Event "Titled Tuesday intern op 20th Jun Late"]
[Site "Chess.com INT"]
[Date "2023.06.20"]
[Round "4"]
[White "Storme, Isak"]
[Black "Holt, Conrad"]
[Result "0-1"]
[WhiteElo "2448"]
[BlackElo "2540"]
[PlyCount "78"]
[EventDate "2023.06.20"]
[EventType "swiss (blitz)"]
[EventRounds "11"]
[EventCountry "USA"]
[SourceTitle "EXT 2024"]
[Source "ChessBase"]
[SourceDate "2023.10.10"]
[SourceVersion "1"]
[SourceVersionDate "2023.10.10"]
[SourceQuality "1"]

1. e4 e6 2. d4 d5 3. Nd2 c5 4. Ngf3 cxd4 5. Nxd4 Nf6 6. exd5 Nxd5 7. N2f3 Bb4+ 8. c3 Nxc3 9. bxc3 Bxc3+ 10. Bd2 Bxd4 11. Bb5+ Nc6 12. Bb4 Bxa1 13. Qxa1 Bd7 14. Bxc6 f6 15. Bxd7+ Qxd7 16. 0-0 Rd8 17. Re1 Kf7 18. a4 Rhe8 19. Bc3 b6 20. h3 Kg8 21. a5 Rc8 22. axb6 axb6 23. Qb2 b5 24. Nd4 Rc5 25. Rb1 Rb8 26. Bb4 Rd5 27. Nf3 e5 28. Kh2 Qf7 29. Rc1 h6 30. Qc2 Rbd8 31. Nh4 Rd4 32. Ba3 Rxh4 33. g3 Rc4 34. Qb2 Rxc1 35. Qxc1 Qd5 36. Qc5 Qxc5 37. Bxc5 Rc8 38. Bb4 Rc4 39. Be1 b4 0-1

[Event "NOR-chT Elite 2223"]
[Site "Norway"]
[Date "2023.03.04"]
[Round "8.33"]
[White "Storme, Isak"]
[Black "Soderstrom, Adrian"]
[Result "0-1"]
[WhiteElo "2438"]
[BlackElo "2202"]
[PlyCount "102"]
[EventDate "2022.11.11"]
[EventType "team-tourn"]
[EventRounds "9"]
[EventCountry "NOR"]
[SourceTitle "CBM 213 Extra"]
[Source "ChessBase"]
[SourceDate "2023.05.31"]
[SourceVersion "1"]
[SourceVersionDate "2023.05.31"]
[SourceQuality "1"]
[WhiteTeam "Oslo SK 1911"]
[BlackTeam "Hell"]
[WhiteTeamCountry "NOR"]
[BlackTeamCountry "NOR"]

1. e4 e5 2. Nf3 Nc6 3. Bb5 a6 4. Ba4 Nf6 5. 0-0 Be7 6. Re1 b5 7. Bb3 0-0 8. a4 Bb7 9. d3 d6 10. Nbd2 Nd7 11. c3 Nc5 12. axb5 axb5 13. Rxa8 Qxa8 14. Bc2 b4 15. d4 bxc3 16. bxc3 Nd7 17. Nf1 Qa1 18. Ne3 Qxc3 19. Nd5 Qa1 20. Ba4 Bd8 21. Re3 Ba8 22. Ra3 Qb1 23. Bb3 Nxd4 24. Nc3 Ne2+ 25. Nxe2 Qxe4 26. Nc3 Qb7 27. Be3 Qb8 28. Ra4 Bxf3 29. gxf3 c6 30. f4 d5 31. fxe5 Qxe5 32. Ne2 Bb6 33. Nd4 Qf6 34. Bc2 Ne5 35. Kh1 Nc4 36. Qd3 g6 37. Ra6 Re8 38. Kg2 Nxe3+ 39. fxe3 Bxd4 40. exd4 Qg5+ 41. Kf2 Qf4+ 42. Kg2 Re3 43. Qd1 h5 44. Ra2 h4 45. Bb1 h3+ 46. Kg1 Qg5+ 47. Kf1 Rc3 48. Rd2 Qf4+ 49. Kg1 Rf3 50. Qe1 Qg5+ 51. Kh1 Qxd2 0-1

[Event "NOR-chT Elite 2223"]
[Site "Norway"]
[Date "2023.03.03"]
[Round "7.33"]
[White "Romanov, Evgeny"]
[Black "Storme, Isak"]
[Result "1/2-1/2"]
[WhiteElo "2596"]
[BlackElo "2438"]
[PlyCount "74"]
[EventDate "2022.11.11"]
[EventType "team-tourn"]
[EventRounds "9"]
[EventCountry "NOR"]
[SourceTitle "CBM 213 Extra"]
[Source "ChessBase"]
[SourceDate "2023.05.31"]
[SourceVersion "1"]
[SourceVersionDate "2023.05.31"]
[SourceQuality "1"]
[WhiteTeam "Valerenga"]
[BlackTeam "Oslo SK 1911"]
[WhiteTeamCountry "NOR"]
[BlackTeamCountry "NOR"]

1. e4 c5 2. Nf3 Nc6 3. Bb5 g6 4. 0-0 Bg7 5. Nc3 Nd4 6. Nxd4 cxd4 7. Ne2 Nf6 8. d3 0-0 9. Ba4 d5 10. e5 Ng4 11. f4 f6 12. h3 Ne3 13. Bxe3 dxe3 14. d4 g5 15. exf6 Bxf6 16. Qd3 g4 17. hxg4 Bxg4 18. c3 Kh8 19. Qxe3 Rg8 20. f5 Rg5 21. Bc2 Bxe2 22. Qxe2 Qd6 23. Bb3 Rag8 24. Rf2 Rg4 25. Qe6 Bh4 26. Bxd5 Bxf2+ 27. Kxf2 Qf4+ 28. Ke2 Rxg2+ 29. Bxg2 Rxg2+ 30. Kd3 Qd2+ 31. Kc4 Qxb2 32. Qxe7 Qxa1 33. Qf8+ Rg8 34. Qf6+ Rg7 35. Qf8+ Rg8 36. Qf6+ Rg7 37. Qf8+ Rg8 1/2-1/2

[Event "SWE-chT 2223 Elite"]
[Site "Sweden"]
[Date "2023.01.22"]
[Round "5.1"]
[White "Nilsson, Anders"]
[Black "Storme, Isak"]
[Result "0-1"]
[WhiteElo "2209"]
[BlackElo "2424"]
[PlyCount "38"]
[EventDate "2022.10.14"]
[EventType "team-tourn"]
[EventRounds "9"]
[EventCountry "SWE"]
[SourceTitle "CBM 213 Extra"]
[Source "ChessBase"]
[SourceDate "2023.05.31"]
[SourceVersion "1"]
[SourceVersionDate "2023.05.31"]
[SourceQuality "1"]
[WhiteTeam "Helsingborg"]
[BlackTeam "Lunds"]
[WhiteTeamCountry "SWE"]
[BlackTeamCountry "SWE"]

1. d4 d5 2. Bf4 c5 3. e4 dxe4 4. d5 Nf6 5. Nc3 g6 6. Nb5 Na6 7. d6 exd6 8. Nxd6+ Bxd6 9. Bxd6 Qb6 10. Qd2 Qxb2 11. Rd1 Nb4 12. Bb5+ Bd7 13. Bxd7+ Nxd7 14. a3 Nxc2+ 15. Kf1 Qb5+ 16. Ne2 Nd4 17. Re1 0-0-0 18. Kg1 Nxe2+ 19. Rxe2 Ne5 0-1